| 000 | 00000nam##2200000za#4500 |
| 001 | 9.581162 |
| 003 | CaOODSP |
| 005 | 20210624191403 |
| 007 | cr ||||||||||| |
| 008 | 150406|2014||||xxc|||||o f|0| 0 eng|d |
| 020 | |a978-1-100-25331-2 |
| 040 | |aCaOODSP|beng |
| 043 | |an-cn--- |
| 086 | 1 |aEm7-2/4-2014E-PDF |
| 110 | 1 |aCanada. |bEmployment and Social Development Canada. |bLabour Program. |
| 245 | 10|aRight to refuse dangerous work |h[electronic resource] |
| 260 | |aOttawa - Ontario : |bEmployment and Social Development Canada. |cc2014. |
| 300 | |a7p.|bfig. |
| 490 | 1 |aInformation on occupational health and safety |v4 |
| 590 | |a15-03|b2015-01-16 |
| 690 | 07|aWorkplace safety|2gcpds |
| 775 | 08|tDroit de refuser d'exécuter un travail dangereux |w(CaOODSP)9.608010 |
| 830 | #0|aInformation on occupational health and safety ;|v4|w(CaOODSP)9.504997 |
| 856 | 40|ahttp://publications.gc.ca|qPDF|s436 KB|uhttps://publications.gc.ca/collections/collection_2015/edsc-esdc/Em7-2-4-2014-eng.pdf|y4 |
| 986 | |aLT-095-11-14E |